000 00778nam a2200253Ia 4500
003 OSt
005 20220923222901.0
006 a|||||r|||| 00| 0
007 ta
008 220922b |||||||| |||| 00| 0 hin d
024 _a208,619
037 _cTextual
040 _aARTS
_cARTS
_bhin
041 _2hin
_ahin
082 _aO152,3N434,DK, M2
100 _aश्रीकांत
_9156277
245 0 _aदर्द के निशान
246 _aDarda ke nishāna
260 _aकानपुर
_b आराधना ब्रदर्स
_c1982
300 _a316पृ.
_ccm.
650 _aहिन्दी साहित्य
_9156264
942 _hO152,3N434,DK, M2
_cTEXL
_2CC
999 _c359206
_d359206